000
00325nam a22001337a 4500
008
171012b xxu||||| |||| 00| 0 eng d
020
_a
9780136138990
041
_a
eng
080
_2
8TH
_a
316
100
_a
50
101
_a
SOC
245
_a
MULTICULTURAL EDUCATION IN A PLURALISTIC SOCIETY
_c
GOLLNICK,D.M
942
_2
udc
_c
BK
999
_c
33265
_d
33265